000 00569nam a2200193Ia 4500
003 GCL
008 140319s9999 xx 000 0 ara d
040 _aGCL /
_cGCL
082 0 4 _a240
_bم ا
100 1 _aمحمد سلامة جبر
245 1 0 _aاشراط الساعة واسرارها /
_cمحمد سلامة جبر
260 _a[S.N] :
_bشركة الشعاع للنشر ،
_c1981
300 _a129 ص
490 _aسلسلة العقائد
_v0
650 0 4 _aالعقائد
650 0 4 _aيوم القيامة
650 0 4 _aالساعة
942 _2ddc
_cBK
999 _c53006
_d53006